Statistics for Top 10 Countries by Category #1

Click here to take the quiz!

General Stats

  • This quiz has been taken 55 times
  • The average score is 36 of 60

Answer Stats

AnswerHint% Correct
1Canada202,080
100%
3Canada5%
100%
10United States2%
100%
8United States19,924
100%
1India29.5%
96%
1India9%
96%
4Russia37,653
96%
10China14,500
93%
8Japan3%
93%
6Japan29,751
93%
7Australia25,760
91%
6Australia12.1%
91%
10Nepal80.7%
87%
3Brazil14%
82%
2Norway83,281
82%
7Norway4%
82%
8Norway91.9%
82%
7United Kingdom91.9%
82%
8Switzerland83.6%
76%
1Bhutan98.8%
73%
3Indonesia54,716
73%
8Sweden12%
71%
5Sweden4%
71%
9Finland12%
69%
2Mexico19%
67%
2Mexico9%
67%
6Denmark4%
64%
7Niger38%
64%
9South Korea91.6%
64%
10Austria11%
62%
7Argentina12%
58%
5Philippines36,289
58%
1Chad27%
56%
9Ireland3%
56%
9New Zealand15,134
53%
5Afghanistan37%
51%
3Burkina Faso34%
51%
2Mali31%
49%
6Netherlands92.6%
47%
8Somalia41%
47%
4South Sudan35%
47%
6Central African Republic37%
44%
2Tajikistan91.9%
42%
3Kyrgyzstan90.7%
38%
4Lesotho90.5%
38%
4Taiwan13.5%
38%
6Armenia85.9%
36%
9Guinea45%
33%
5Israel13%
31%
4Israel5%
31%
10Benin47%
27%
2Bahrain109.5%
24%
4Qatar102.5%
24%
5United Arab Emirates98.5%
24%
3Oman107.6%
22%
10Kuwait91.4%
20%
9Lebanon81.1%
16%
1Lebanon112.3%
16%
5Montenegro89.3%
9%
7Republic of Macedonia85.5%
2%

Score Distribution

Percentile by Number Answered

Percent of People with Each Score

Your Score History

You have not taken this quiz